00821nam a2200217Ia 4500008004100000020001500041082001300056100002200069245003200091250000800123260003700131300000900168500002400177650001200201942000700213952009200220952009200312952009200404952009200496999001500588230524s9999 xx 000 0 und d a8186062000 a415bAND aCatherine Schwarz 0aChambers Concise Dictionary a2ND aNEW DELHIbAllied Chambersc2005 a1984 aQuantity Number: 4 aEnglish cBK 00104070aTATCLbTATCLcGENd2023-05-24l0o415 ANDp6782r2023-05-24w2023-05-24yBK 00104070aTATCLbTATCLcGENd2023-05-24l0o415 ANDp6896r2023-05-24w2023-05-24yBK 00104070aTATCLbTATCLcGENd2023-05-24l0o415 ANDp8456r2023-05-24w2023-05-24yBK 00104070aTATCLbTATCLcGENd2023-05-24l0o415 ANDp8457r2023-05-24w2023-05-24yBK c4846d4846